Ogólnopolski Zjazd Akademików Ślązaków w Piekarach w 1939 roku
| Titel: | Ogólnopolski Zjazd Akademików Ślązaków w Piekarach w 1939 roku |
|---|---|
| Verfasser: | |
| In: |
Z tej ziemi, (1998), Seite 211-220, il. 7 alle Artikel anzeigen |
| Veröffentlicht: | 1998 [1997] |
| Format: | Aufsatz |
| Sprache: | Polnisch |
X
alg: 39446393 001A $01999:12-11-16 001B $01999:08-04-21 $t21:10:13.000 001D $01999:12-11-16 001U $0utf8 001X $00 002@ $0Aox 003@ $0394463935 007A $0394463935 $aHEB 007T $0Herdw07870 010@ $apol 011@ $a1998 $n1998 [1997] 021A $aOgólnopolski Zjazd Akademików Ślązaków w Piekarach w 1939 roku 027A $aDie allgemeinpolnische Zusammenkunft der Schlesischen Akademiemitglieder in Deutsch Piekar im Jahre 1939 028A $aWycisło $dJanusz 031A $h211-220, il. 7 $j1998 039B $aIn $8--Abvc--. Z tej ziemi. - Katowice : Ksie̜garnia św. Jacka, 1984-. - ISSN 0239-5630 $x199800000000000789 $9225723328 045F $a900.9438509041 $eDDC23BSB 045F/01 $a900 045F/03 $f09041 045F/03 $f09042 045F/03 $f09043 045F/03 $g4385 046C $aDie allgemeinpolnische Zusammenkunft der Schlesischen Akademiemitglieder in Deutsch Piekar im Jahre 1939 $bÜbers. des Hauptsacht. lok: 39446393 78 exp: 39446393 78 1 #EPN 201B/01 $018-02-26 $t16:26:05.000 201U/01 $0utf8 203@/01 $0790574349 208@/01 $a12-11-16 $be 209A/01 $a/ $f000 $x00 220C/01 $aTitelaufnehmer: KS 220C/01 $aHerkunft: CBŚB Wrocław 244Z/01 $2Trx $#Silesia $#Śląsk $#Sliezsko $#Slezsko $8--Trx--Schlesien $x01 $9391173987 244Z/01 $74517464-7 $8--Tg1--Piekary Śląskie $x02 $9089297539 244Z/01 $aGeschichte 1939 $x03 244Z/01 $2Trx $71031910824 $8--Tp1--Bieniek, Juliusz$Z1895-1978 $x04 $9318560372 244Z/01 $2Trx $#tudengid $#studentai $#students $#diákok $#studenci $#študenti $#studenti $8--Trx--Studenten $x05 $939137107X 244Z/01 $2Trx $#palverännakud $#piligrimų kelionės $#pilgrimages $#búcsújárások $#pielgrzymki $#púte $#poutě $#Pilgerfahrten $#púte na putovné miesta $8--Trx--Wallfahrten $x06 $9391365592 244Z/01 $2Trx $#kirik, Rooma-Katoliku $#bažnyčia, Romos katalikų $#Church, Roman-Catholic $#Római katolikus templom $#kościół rzymskokatolicki $#cirkev rímsko-katolícka $#církev římsko-katolická $8--Trx--Kirche, römisch-katholische $x07 $9391382845 244Z/01 $2Trx $8--Trx--Zeitschriftenaufsatz $x08 $9391384341 245Z/01 $a06.04.02 $x01 247C/01 $82080>Marburg/Lahn, Herder-Institut, Forschungsbibliothek, Bibliographieportal $9336309341
| LEADER | 00000caa a22000002c 4500 | ||
|---|---|---|---|
| 001 | 394463935 | ||
| 003 | DE-603 | ||
| 005 | 20210408211013.0 | ||
| 007 | tu | ||
| 008 | 161112s1998 xx |||| | u00||u|pol c | ||
| 035 | |a (DE-599)HEB394463935 | ||
| 040 | |a DE-603 |b ger |c DE-603 |d DE-603 | ||
| 041 | |a pol | ||
| 082 | 0 | 4 | |8 1\u |a 900.9438509041 |q DE-101 |2 23/BSB |
| 085 | |8 1\u |b 900 | ||
| 085 | |8 1\u |z 1 |s 09041 | ||
| 085 | |8 1\u |z 1 |s 09042 | ||
| 085 | |8 1\u |z 1 |s 09043 | ||
| 085 | |8 1\u |z 2 |s 4385 | ||
| 100 | 1 | |a Wycisło, Janusz | |
| 245 | 0 | 0 | |a Ogólnopolski Zjazd Akademików Ślązaków w Piekarach w 1939 roku |
| 246 | 1 | |i Übers. des Hauptsacht. |a Die allgemeinpolnische Zusammenkunft der Schlesischen Akademiemitglieder in Deutsch Piekar im Jahre 1939 | |
| 246 | 1 | 3 | |a Die allgemeinpolnische Zusammenkunft der Schlesischen Akademiemitglieder in Deutsch Piekar im Jahre 1939 |
| 264 | 0 | |c 1998 [1997] | |
| 773 | 0 | 8 | |i In |t Z tej ziemi |d Katowice : Ksie̜garnia św. Jacka, 1984- |x 0239-5630 |g (1998), Seite 211-220, il. 7 |w (DE-603)225723328 |w (DE-600)2566824-9 |
| 924 | 0 | |9 2080 |a (DE-603)790574349 |b DE-2080 |c HES |d d |g / | |


